Piłka nożna - Manchester United - nagła śmierć - Statystyki

Ogólne statystyki
  • Ten quiz został rozwiązany 394 razy
  • Średni wynik to 24 z 32
Answers on the Grid
Answers color-coded by a green-red scale on the quiz's grid according to % correct below.
Alexis Sanchez
Marcus Rashford
John Terry
Anthony Martial
Romelu Lukaku
Patrick Vieira
Zlatan Ibrahimović
Jonny Evans
Ansu Fati
Thiago Alcantara
Nani
Gonzalo Higuain
Eric Cantona
Rio Ferdinand
Raheem Sterling
Paul Scholes
Nemanja Vidić
Enzo Fernandez
Sadio Mane
Casemiro
Gareth Bale
Jordi Alba
Lisandro Martinez
Paul Pogba
Ngolo Kante
Carlos Tevez
Aymeric Laporte
Alejandro Garnacho
Juan Mata
Mohamed Salah
Blaise Matuidi
Ander Herrera
Luke Shaw
Eden Hazard
Cole Palmer
Harry Kane
Antonio Valencia
David De Gea
Phil Jones
Ruud van Nistelrooy
Diogo Dalot
Robin van Persie
George Best
Cesc Fabregas
Luis Suarez
Wayne Rooney
Raphael Varane
Andre Onana
Christian Eriksen
Luka Modrić
Karim Benzema
Andrew Robertson
James Milner
Edwin van der Sar
Kyle Walker
Edinson Cavani
 
Statystyki odpowiedzi
Odpowiedź % Poprawnych
Marcus Rashford
97%
Alexis Sanchez
88%
Anthony Martial
87%
Zlatan Ibrahimović
83%
Romelu Lukaku
80%
Nemanja Vidić
78%
Rio Ferdinand
78%
David De Gea
77%
Paul Scholes
77%
Casemiro
76%
Eric Cantona
76%
Nani
76%
Alejandro Garnacho
75%
Jonny Evans
75%
Luke Shaw
75%
Paul Pogba
75%
Wayne Rooney
74%
Juan Mata
73%
Edwin van der Sar
72%
Carlos Tevez
71%
Diogo Dalot
71%
Ruud van Nistelrooy
71%
Andre Onana
70%
Antonio Valencia
70%
Christian Eriksen
70%
Raphael Varane
69%
Robin van Persie
69%
Ander Herrera
68%
Lisandro Martinez
68%
Edinson Cavani
65%
Phil Jones
65%
George Best
64%
Nie znaleziono quizów pasujących do podanych kryteriów
Rozkład punktacji
Procent ludzi z każdym wynikiem
Percentyl według liczby udzielonych odpowiedzi
Twoja historia wyników
Nie rozwiązałeś tego quizu